|
|
|
|
| LEADER |
00579nam a22001691a 4500 |
| 020 |
|
|
|a 9788120306875
|
| 082 |
|
|
|a 210
|b HIC/P
|
| 100 |
|
|
|a John H Hick
|9 123133
|
| 245 |
|
|
|a Philosophy of religion/
|c by John H Hick
|
| 260 |
|
|
|a New Delhi:
|b Prentice-Hall,
|c 1993.
|
| 300 |
|
|
|a 148p.
|
| 650 |
|
|
|a Philosophy Religion
|9 123134
|
| 650 |
|
|
|a Religion Comparative
|9 123135
|
| 650 |
|
|
|a Religion
|9 123136
|
| 942 |
|
|
|c BK
|
| 999 |
|
|
|c 34503
|d 34503
|
| 952 |
|
|
|0 0
|1 0
|4 0
|6 210_000000000000000_HIC_P
|7 0
|9 50042
|a SSUS
|b SSUS
|d 2015-01-08
|g 39.00
|l 1
|o 210 HIC/P
|p 005600
|r 2020-01-20
|s 2020-01-14
|v 0.00
|w 2015-01-08
|y BK
|